00415nam a2200145Ia 4500008004100000020001500041041000800056082001900064100002400083245008500107260003900192300001200231365001300243650001300256210423s2005 xx 000 0 und d a8178295415 aeng a384.55095 THOI aTHOMAS (Amos Owen). aImagi-nations and borderless television: media culture and politics across Asia. aNew DelhibSage Publicationsc2005 a280bPB b495cINR aCommerce